[Event "Asian Nations Cup w 2014"]
[Site "Tabriz IRI"]
[Date "2014.05.25"]
[Round "4.2"]
[White "Saduakassova, Dinara"]
[Black "Derakhshani, Dorsa"]
[Result "1-0"]
[WhiteTitle "WGM"]
[BlackTitle "WFM"]
[WhiteElo "2335"]
[BlackElo "2169"]
[WhiteTeam "Kazakhstan"]
[BlackTeam "Iran B"]
[WhiteFideId "13700090"]
[BlackFideId "12500330"]
[EventDate "2014.05.22"]

1. Nf3 Nf6 2. c4 e6 3. Nc3 Bb4 4. Qc2 O-O 5. a3 Be7 6. d4 c5 7. dxc5 Bxc5 8. Bg5
Nc6 9. Rd1 b6 10. e4 h6 11. Bf4 g5 12. Bg3 Nh5 13. b4 Be7 14. Be2 Nxg3 15. hxg3
Kg7 16. e5 a6 17. Qe4 Bb7 18. Qd3 Bc8 19. Qe3 Qc7 20. Bd3 Rh8 21. g4 Bb7 22. Be4
Rab8 23. Ke2 Ba8 24. Rd2 Nxe5 25. Nxe5 Qxe5 26. Bxa8 Qxe3+ 27. fxe3 Rxa8 28.
Rxd7 Rhe8 29. Ne4 Rac8 30. Rc1 Rcd8 31. Rcd1 Kf8 32. Ra7 Rc8 33. Rd4 Ra8 34.
Rdd7 Rac8 35. Nf6 Bxf6 36. Rxf7+ Kg8 37. Rxf6 Rxc4 38. Rg6+ Kf8 39. Rxh6 Kg8 40.
Rg6+ Kh8 41. Rxa6 Rc2+ 42. Kd3 Rec8 43. Rxe6 Rxg2 44. Raxb6 Rxg4 45. a4 Rcc4 46.
Rb7 1-0

[Event "Asian Nations Cup w 2014"]
[Site "Tabriz IRI"]
[Date "2014.05.25"]
[Round "4.2"]
[White "Gholami Orimi, Anahita"]
[Black "Davletbayeva, Madina"]
[Result "0-1"]
[BlackTitle "WIM"]
[WhiteElo "1981"]
[BlackElo "2275"]
[WhiteTeam "Iran B"]
[BlackTeam "Kazakhstan"]
[WhiteFideId "12560260"]
[BlackFideId "13703595"]
[EventDate "2014.05.22"]

1. d4 Nf6 2. c4 e6 3. Nc3 Bb4 4. Qc2 O-O 5. a3 Bxc3+ 6. Qxc3 b5 7. Bg5 h6 8. Bh4
Bb7 9. Nf3 g5 10. Bg3 Ne4 11. Qc2 f5 12. e3 bxc4 13. Bxc4 Nxg3 14. hxg3 Qf6 15.
Qb3 Be4 16. d5 Kg7 17. dxe6 Nc6 18. O-O-O dxe6 19. Rd7+ Kg6 20. Qd1 Rf7 21. Rxf7
Qxf7 22. Nd4 Nxd4 23. Qh5+ Kf6 24. Qxh6+ Qg6 25. exd4 Bxg2 26. Qxg6+ Kxg6 27.
Re1 Be4 28. Bxe6 Rd8 29. Rd1 Rd6 30. Bb3 Kh5 31. Rd2 Rc6+ 32. Kd1 Bf3+ 33. Ke1
Rc1+ 34. Bd1 Rb1 35. d5 a5 36. d6 cxd6 37. Rxd6 a4 38. Rd3 g4 39. Rd2 Kg5 40.
Rd4 Kf6 41. Rd8 Ke5 42. Rd2 Ke4 43. Rd8 Bxd1 44. Rxd1 Rxb2 45. Rd2 Rxd2 46. Kxd2
Kd4 47. Ke2 Kc3 48. Ke3 Kb3 49. Kf4 Kxa3 50. Kxf5 Kb4 51. Kxg4 a3 52. f4 a2 0-1

[Event "Asian Nations Cup w 2014"]
[Site "Tabriz IRI"]
[Date "2014.05.25"]
[Round "4.2"]
[White "Dauletova, Gulmira"]
[Black "Zahedifar, Anahita"]
[Result "1-0"]
[WhiteTitle "WIM"]
[WhiteElo "2244"]
[BlackElo "1821"]
[WhiteTeam "Kazakhstan"]
[BlackTeam "Iran B"]
[WhiteFideId "13702971"]
[BlackFideId "12560715"]
[EventDate "2014.05.22"]

1. e4 c6 2. Nc3 d5 3. Nf3 Nf6 4. e5 Ne4 5. Ne2 Qb6 6. d4 e6 7. Nfg1 f6 8. f3 Ng5
9. exf6 gxf6 10. f4 Nf7 11. Nf3 Be7 12. c3 Nd7 13. Ng3 h5 14. Nh4 Nf8 15. Bd3 f5
16. Nf3 h4 17. Ne2 Bd7 18. Qc2 Rc8 19. Be3 Ng6 20. O-O-O Qa5 21. Kb1 b5 22. g4
hxg3 23. hxg3 b4 24. g4 Nh6 25. Ne5 Nh4 26. Bf2 Nxg4 27. Nxg4 fxg4 28. Bh7 bxc3
29. Bxh4 Bxh4 30. Rxh4 cxb2 31. Rxg4 c5 32. Rg7 c4 33. Qg6+ Kd8 34. Qf6+ Kc7 35.
Qxe6 Rcd8 36. Bf5 c3 1-0

[Event "Asian Nations Cup w 2014"]
[Site "Tabriz IRI"]
[Date "2014.05.25"]
[Round "4.3"]
[White "Ju, Wenjun"]
[Black "Harika, Dronavalli"]
[Result "1/2-1/2"]
[WhiteTitle "WGM"]
[BlackTitle "GM"]
[WhiteElo "2526"]
[BlackElo "2503"]
[WhiteTeam "China"]
[BlackTeam "India"]
[WhiteFideId "8603006"]
[BlackFideId "5015197"]
[EventDate "2014.05.22"]

1. c4 c5 2. Nf3 Nc6 3. d4 cxd4 4. Nxd4 Nf6 5. Nc3 e6 6. g3 Qb6 7. Ndb5 Ne5 8.
Bg2 a6 9. Na4 Qa5+ 10. Nbc3 Nxc4 11. b3 Nb6 12. O-O Nxa4 13. Nxa4 Be7 14. Be3
O-O 15. Nb6 Rb8 16. Bf4 Qxb6 17. Bxb8 d5 18. Be5 Bd7 19. Rc1 Bc6 20. Qd2 Nd7 21.
Bc3 Qd8 22. Rc2 Bg5 23. e3 Bf6 24. Rfc1 h5 25. Ba5 Qb8 26. Qe2 h4 27. Bc3 Qd8
28. Bxf6 Qxf6 29. Qh5 hxg3 30. hxg3 Ne5 31. Rd1 g6 32. Qh6 Qf5 33. Rb2 Ng4 34.
Qh4 g5 35. Qh3 e5 36. f4 e4 37. Re1 Kg7 38. Qh5 Rh8 39. Qxg5+ 1/2-1/2

[Event "Asian Nations Cup w 2014"]
[Site "Tabriz IRI"]
[Date "2014.05.25"]
[Round "4.3"]
[White "Tania, Sachdev"]
[Black "Huang, Qian"]
[Result "1/2-1/2"]
[WhiteTitle "IM"]
[BlackTitle "WGM"]
[WhiteElo "2422"]
[BlackElo "2494"]
[WhiteTeam "India"]
[BlackTeam "China"]
[WhiteFideId "5007844"]
[BlackFideId "8602689"]
[EventDate "2014.05.22"]

1. d4 d6 2. Nf3 g6 3. c4 Bg7 4. Nc3 e5 5. dxe5 dxe5 6. Qxd8+ Kxd8 7. Bd2 Bd7 8.
O-O-O f6 9. g3 Ne7 10. Bg2 Kc8 11. Ne1 Bc6 12. Bh3+ Bd7 13. Bg2 Bc6 14. Bh3+ Bd7
15. Bg2 Bc6 1/2-1/2

[Event "Asian Nations Cup w 2014"]
[Site "Tabriz IRI"]
[Date "2014.05.25"]
[Round "4.3"]
[White "Tan, Zhongyi"]
[Black "Karavade, Eesha"]
[Result "1-0"]
[WhiteTitle "WGM"]
[BlackTitle "IM"]
[WhiteElo "2460"]
[BlackElo "2399"]
[WhiteTeam "China"]
[BlackTeam "India"]
[WhiteFideId "8603642"]
[BlackFideId "5012600"]
[EventDate "2014.05.22"]

1. d4 e6 2. g3 Nf6 3. Bg2 d5 4. Nf3 Be7 5. c4 O-O 6. Qc2 c5 7. O-O cxd4 8. Nxd4
e5 9. Nf5 d4 10. Nxe7+ Qxe7 11. b4 h6 12. Ba3 Re8 13. Nd2 Bg4 14. Qd3 Qc7 15.
Rfc1 Bh5 16. c5 Bg6 17. Qc4 a6 18. Bb2 Bf5 19. Qb3 Nc6 20. Nc4 Be6 21. a3 Rad8
22. Qc2 Re7 23. Rd1 Red7 24. Rac1 Re7 25. Ba1 Bd5 26. Bh3 Be6 27. Bg2 Bd5 28.
Bh3 Be6 29. Bf1 Nd5 30. Nd6 Nf6 31. Bg2 Ne8 32. Nc4 Nf6 33. Qb1 Nd5 34. Nd6 b5
35. e3 Nf6 36. exd4 exd4 37. Bxd4 Ne8 38. Ba1 Bg4 39. Nxe8 Rdxe8 40. Rd6 Ne5 41.
Bxe5 Rxe5 42. h3 Bf5 43. Qa1 Be4 44. Re1 R5e7 45. Qd4 Bxg2 46. Rxe7 Rxe7 47.
Kxg2 Re6 48. Rxe6 fxe6 49. Qd6 1-0

[Event "Asian Nations Cup w 2014"]
[Site "Tabriz IRI"]
[Date "2014.05.25"]
[Round "4.3"]
[White "Gomes, Mary Ann"]
[Black "Shen, Yang"]
[Result "1/2-1/2"]
[WhiteTitle "WGM"]
[BlackTitle "IM"]
[WhiteElo "2359"]
[BlackElo "2458"]
[WhiteTeam "India"]
[BlackTeam "China"]
[WhiteFideId "5013623"]
[BlackFideId "8603162"]
[EventDate "2014.05.22"]

1. Nf3 d5 2. g3 c6 3. Bg2 Bg4 4. c4 e6 5. O-O Nf6 6. d3 Bd6 7. Qc2 Nbd7 8. e4
O-O 9. Nbd2 Re8 10. Re1 dxe4 11. dxe4 e5 12. Nb3 Nc5 13. Be3 Qe7 14. Nfd2 Nfd7
15. h3 Bh5 16. Bf3 Bxf3 17. Nxf3 Nxb3 18. Qxb3 Nc5 19. Bxc5 Bxc5 20. Red1 a5 21.
Rd3 a4 22. Qc2 a3 1/2-1/2

[Event "Asian Nations Cup w 2014"]
[Site "Tabriz IRI"]
[Date "2014.05.27"]
[Round "5.1"]
[White "Tania, Sachdev"]
[Black "Pourkashiyan, Atousa"]
[Result "1-0"]
[WhiteTitle "IM"]
[BlackTitle "WGM"]
[WhiteElo "2422"]
[BlackElo "2351"]
[WhiteTeam "India"]
[BlackTeam "Iran A"]
[WhiteFideId "5007844"]
[BlackFideId "12502014"]
[EventDate "2014.05.22"]

1. d4 Nf6 2. c4 e6 3. Nf3 Bb4+ 4. Bd2 Bxd2+ 5. Qxd2 d5 6. g3 Nbd7 7. Bg2 c6 8.
Qc2 O-O 9. O-O b6 10. Nbd2 Bb7 11. b4 a5 12. a3 Qe7 13. c5 e5 14. dxe5 Nxe5 15.
cxb6 axb4 16. axb4 Nxf3+ 17. Nxf3 Rxa1 18. Rxa1 Qxb4 19. Rb1 Qd6 20. Nd4 c5 21.
Nb3 Nd7 22. Bh3 Nxb6 23. Qxc5 Nc4 24. Qxd6 Nxd6 25. Nc5 Ba8 26. e3 Rd8 27. Rd1
Nb5 28. Bg2 g6 29. Bf3 Kg7 30. Rd2 Bc6 31. Nd3 Ba8 32. Nf4 Nc7 33. h4 h6 34. g4
Kf6 35. h5 gxh5 36. Nxh5+ Ke5 37. Bg2 Rg8 38. f4+ Ke6 39. Kf2 Nb5 40. Bxd5+ Ke7
41. Bf3 Nd6 42. Ng3 Bxf3 43. Kxf3 Rh8 44. Ra2 Ke6 45. Ra6 Ke7 46. Ra7+ Ke6 47.
f5+ Ke5 48. Nh5 Rb8 49. Re7+ Kd5 50. Nf6+ Kc6 51. Ne4 Re8 52. Rxe8 Nxe8 53. Kf4
Kd5 54. Nc3+ Kd6 55. e4 Nc7 56. e5+ Ke7 57. Ke4 Kf8 58. Kd4 Ne8 59. Nd5 h5 60.
g5 h4 61. Ke4 h3 62. Kf3 Ng7 63. Ne3 Nh5 64. Nf1 f6 65. exf6 Kf7 66. Kg4 Nxf6+
67. gxf6 Kxf6 68. Nh2 1-0

[Event "Asian Nations Cup w 2014"]
[Site "Tabriz IRI"]
[Date "2014.05.27"]
[Round "5.1"]
[White "Hejazipour, Mitra"]
[Black "Karavade, Eesha"]
[Result "1-0"]
[WhiteTitle "WIM"]
[BlackTitle "IM"]
[WhiteElo "2249"]
[BlackElo "2399"]
[WhiteTeam "Iran A"]
[BlackTeam "India"]
[WhiteFideId "12505951"]
[BlackFideId "5012600"]
[EventDate "2014.05.22"]

1. d4 d5 2. c4 e6 3. Nf3 Nf6 4. g3 Be7 5. Bg2 O-O 6. O-O dxc4 7. Qc2 a6 8. a4
Bd7 9. Rd1 Bc6 10. Nc3 Bxf3 11. Bxf3 Nc6 12. e3 Na5 13. Ne4 Nxe4 14. Bxe4 h6 15.
Bd2 Nb3 16. Bxb7 Nxa1 17. Rxa1 Ra7 18. Bc6 a5 19. Qxc4 Qb8 20. b3 Qb6 21. e4 Rd8
22. Be3 Qb4 23. d5 Qxc4 24. bxc4 Ra6 25. Bb7 Rad6 26. Rb1 exd5 27. cxd5 Rb8 28.
Rb5 Rdd8 29. Ba7 Bb4 30. f4 f6 31. Kf2 Re8 32. Ke3 Bd6 33. Bxb8 Rxb8 34. Kd4 Kf7
35. e5 fxe5+ 36. fxe5 Bb4 37. d6 c5+ 38. Kd5 Kg6 39. e6 Kf6 40. Bc6 1-0

[Event "Asian Nations Cup w 2014"]
[Site "Tabriz IRI"]
[Date "2014.05.27"]
[Round "5.1"]
[White "Gomes, Mary Ann"]
[Black "Hakimifard, Ghazal"]
[Result "1/2-1/2"]
[WhiteTitle "WGM"]
[BlackTitle "WIM"]
[WhiteElo "2359"]
[BlackElo "2224"]
[WhiteTeam "India"]
[BlackTeam "Iran A"]
[WhiteFideId "5013623"]
[BlackFideId "12506540"]
[EventDate "2014.05.22"]

1. Nf3 Nf6 2. c4 e6 3. g3 b6 4. Bg2 Bb7 5. O-O Be7 6. b3 O-O 7. Bb2 d5 8. d4
dxc4 9. bxc4 c5 10. e3 cxd4 11. exd4 Nc6 12. Ne5 Nxe5 13. dxe5 Bxg2 14. Kxg2 Nd7
15. Qe2 Qc7 16. Nd2 Rac8 17. Rfd1 Rfd8 18. Rac1 Qc6+ 19. Kg1 Nc5 20. Ba3 Qa4 21.
Bxc5 Bxc5 22. Nb3 Ba3 23. Rxd8+ Rxd8 24. Rc2 h6 25. Qe4 Rd1+ 26. Kg2 Qd7 27.
Qa8+ Bf8 28. Qe4 a5 29. c5 bxc5 30. Nxc5 Qd5 31. Qxd5 Rxd5 32. Na4 Rxe5 33. Rc8
Rb5 34. Ra8 f5 35. Nc3 Re5 36. a4 Kf7 37. Nb5 Bb4 38. Ra7+ Kg6 39. Ra6 Re4 40.
f3 Re2+ 41. Kf1 Rxh2 42. Rxe6+ Kf7 43. Ra6 Ra2 44. Nd4 f4 45. Ra7+ Kg6 46. Ra6+
Kh7 47. gxf4 Rxa4 48. f5 Bc3 49. Ne6 Ra2 50. Ra8 g5 51. Rf8 a4 52. Rf7+ Kg8 53.
Rf8+ Kh7 54. Rf7+ Kg8 55. Rf8+ Kh7 56. Rf7+ Kg8 57. Rf8+ 1/2-1/2

[Event "Asian Nations Cup w 2014"]
[Site "Tabriz IRI"]
[Date "2014.05.27"]
[Round "5.1"]
[White "Ghader Pour, Shayesteh"]
[Black "Padmini, Rout"]
[Result "1/2-1/2"]
[WhiteTitle "WIM"]
[BlackTitle "WGM"]
[WhiteElo "2196"]
[BlackElo "2354"]
[WhiteTeam "Iran A"]
[BlackTeam "India"]
[WhiteFideId "12500747"]
[BlackFideId "5029295"]
[EventDate "2014.05.22"]

1. e4 c5 2. Nf3 d6 3. Bb5+ Nd7 4. O-O a6 5. Bd3 Ngf6 6. Re1 b5 7. c4 b4 8. Bc2
e5 9. a3 bxa3 10. bxa3 g6 11. Nc3 Bg7 12. d3 O-O 13. Bd2 Nh5 14. Bg5 Bf6 15. Bh6
Bg7 16. Bg5 Bf6 17. Bh6 Bg7 18. Bg5 1/2-1/2

[Event "Asian Nations Cup w 2014"]
[Site "Tabriz IRI"]
[Date "2014.05.27"]
[Round "5.2"]
[White "Nakhbayeva, Guliskhan"]
[Black "Ju, Wenjun"]
[Result "0-1"]
[WhiteTitle "WGM"]
[BlackTitle "WGM"]
[WhiteElo "2317"]
[BlackElo "2526"]
[WhiteTeam "Kazakhstan"]
[BlackTeam "China"]
[WhiteFideId "13704788"]
[BlackFideId "8603006"]
[EventDate "2014.05.22"]

1. d4 f5 2. g3 Nf6 3. Bg2 e6 4. Nf3 Be7 5. O-O O-O 6. c4 Ne4 7. b3 Bf6 8. Bb2 b6
9. Nc3 Bb7 10. Qc2 d6 11. Rad1 Nd7 12. Ne1 d5 13. Nxe4 fxe4 14. f3 Bg5 15. Qc3
exf3 16. exf3 Bf6 17. Qe3 Re8 18. f4 c5 19. Nd3 Qc7 20. Ne5 Bxe5 21. fxe5 dxc4
22. d5 exd5 23. Rxd5 c3 24. Qxc3 Nf8 25. Qc4 Kh8 26. e6 Nxe6 27. Rh5 Kg8 28. Bh3
Qc6 29. Rf3 Qxf3 30. Bxe6+ Kh8 0-1

[Event "Asian Nations Cup w 2014"]
[Site "Tabriz IRI"]
[Date "2014.05.27"]
[Round "5.2"]
[White "Huang, Qian"]
[Black "Abdumalik, Zhansaya"]
[Result "1-0"]
[WhiteTitle "WGM"]
[BlackTitle "WIM"]
[WhiteElo "2494"]
[BlackElo "2350"]
[WhiteTeam "China"]
[BlackTeam "Kazakhstan"]
[WhiteFideId "8602689"]
[BlackFideId "13703544"]
[EventDate "2014.05.22"]

1. Nf3 Nf6 2. c4 g6 3. d4 Bg7 4. Nc3 d5 5. Qb3 dxc4 6. Qxc4 O-O 7. g3 a6 8. Bf4
Nc6 9. Rd1 Nh5 10. Bc1 Bd7 11. Bg2 b5 12. Qc5 Rb8 13. O-O b4 14. Ne4 Rb5 15. Qc2
Qc8 16. b3 Rd8 17. Bb2 Na5 18. Nc5 Bc6 19. e4 Qa8 20. Rfe1 Rbb8 21. d5 Be8 22.
e5 Bf8 23. Nd4 Rbc8 24. d6 c6 25. d7 Bxd7 26. Nxd7 Rxd7 27. e6 fxe6 28. Bh3 Ng7
29. Nxe6 Rxd1 30. Rxd1 c5 31. Nxg7 Bxg7 32. Be6+ Kh8 33. Bxg7+ Kxg7 34. Qb2+ Kh6
35. Bxc8 Qxc8 36. Qe5 Qg4 37. Qe3+ Qg5 38. Qxg5+ Kxg5 39. Rd5+ Kf6 40. Rxc5 Nb7
41. Rc6+ e6 42. Rxa6 Nc5 43. Rc6 Nd3 44. Rc4 Ke5 45. Kf1 1-0

[Event "Asian Nations Cup w 2014"]
[Site "Tabriz IRI"]
[Date "2014.05.27"]
[Round "5.2"]
[White "Davletbayeva, Madina"]
[Black "Tan, Zhongyi"]
[Result "0-1"]
[WhiteTitle "WIM"]
[BlackTitle "WGM"]
[WhiteElo "2275"]
[BlackElo "2460"]
[WhiteTeam "Kazakhstan"]
[BlackTeam "China"]
[WhiteFideId "13703595"]
[BlackFideId "8603642"]
[EventDate "2014.05.22"]

1. e4 d6 2. d4 g6 3. Nc3 Bg7 4. f4 a6 5. Nf3 b5 6. Bd3 Bb7 7. Qe2 Nd7 8. e5 Nb6
9. Ng5 Nh6 10. Be3 Qc8 11. O-O Qg4 12. Qxg4 Nxg4 13. Bd2 Nc4 14. Bxc4 bxc4 15.
h3 Nh6 16. g4 O-O 17. Rae1 Rfc8 18. Kh2 Rab8 19. Bc1 c5 20. dxc5 dxe5 21. Nf3
Bxf3 22. Rxf3 f5 23. g5 Nf7 24. Na4 Rb7 25. Rfe3 e4 26. Ra3 e5 27. Kg3 exf4+ 28.
Bxf4 Bxb2 29. Nxb2 Rxb2 30. Rxa6 Rxc5 31. Ra8+ Kg7 32. Ra7 Rd5 33. Re2 Kg8 34.
a4 Ra2 35. h4 Nd8 36. Ra8 Kf7 37. Ra7+ Kf8 38. Kf2 Ne6 39. Bd2 Nd4 40. Bb4+ Ke8
41. Re7+ Kd8 42. Rd2 c3 0-1

[Event "Asian Nations Cup w 2014"]
[Site "Tabriz IRI"]
[Date "2014.05.27"]
[Round "5.2"]
[White "Guo, Qi"]
[Black "Dauletova, Gulmira"]
[Result "1-0"]
[WhiteTitle "WGM"]
[BlackTitle "WIM"]
[WhiteElo "2442"]
[BlackElo "2244"]
[WhiteTeam "China"]
[BlackTeam "Kazakhstan"]
[WhiteFideId "8604002"]
[BlackFideId "13702971"]
[EventDate "2014.05.22"]

1. d4 Nf6 2. Nf3 e6 3. c4 Bb4+ 4. Bd2 Qe7 5. Nc3 Bxc3 6. Bxc3 Ne4 7. Qc2 Nxc3 8.
Qxc3 d6 9. g3 O-O 10. Bg2 Nd7 11. O-O e5 12. d5 a5 13. b3 f5 14. a3 c5 15. dxc6
bxc6 16. b4 axb4 17. axb4 Bb7 18. Rxa8 Rxa8 19. Rd1 e4 20. Nd4 Qe5 21. f4 Qf6
22. c5 d5 23. e3 Nf8 24. Rc1 Ne6 25. Nxe6 Qxe6 26. b5 cxb5 27. c6 Bc8 28. Bf1 h5
29. Bxb5 h4 30. Qd2 hxg3 31. hxg3 Qg6 32. Kg2 Be6 33. Be2 Qf7 34. c7 Bc8 35. Bc4
Be6 36. Bxd5 Bxd5 37. c8=Q+ Rxc8 38. Rxc8+ Kh7 39. Qd1 Kg6 40. Rh8 Kf6 41. Qh5
Qxh5 42. Rxh5 g6 43. Rh8 Bb3 44. Kh3 Kg7 45. Rb8 Bd1 46. Kh4 Kh6 47. Rh8+ Kg7
48. Rd8 Bh5 49. Kg5 Kf7 50. Rd6 Kg7 51. Rd7+ Kf8 52. Rh7 Ke8 1-0

[Event "Asian Nations Cup w 2014"]
[Site "Tabriz IRI"]
[Date "2014.05.27"]
[Round "5.3"]
[White "Hoang, Thi Bao Tram"]
[Black "Asgarizadeh, Minoo"]
[Result "1-0"]
[WhiteTitle "WGM"]
[BlackTitle "WFM"]
[WhiteElo "2288"]
[BlackElo "2109"]
[WhiteTeam "Vietnam"]
[BlackTeam "Iran B"]
[WhiteFideId "12401102"]
[BlackFideId "12512230"]
[EventDate "2014.05.22"]

1. Nf3 Nf6 2. d4 b5 3. c3 e6 4. Bg5 Bb7 5. Nbd2 h6 6. Bh4 a6 7. e3 c5 8. Bd3 c4
9. Bc2 d5 10. Ne5 Nbd7 11. f4 Qc7 12. O-O Bd6 13. Qe2 a5 14. g4 Nf8 15. Bg3 Ne4
16. Nxe4 dxe4 17. Qg2 f5 18. Qh3 g6 19. gxf5 exf5 20. Bd1 Bxe5 21. fxe5 Ne6 22.
Bh4 Bd5 23. Bf6 Rh7 24. Qg3 Nf8 25. h4 Ra6 26. Kh2 Qd7 27. Be2 Rf7 28. b3 cxb3
29. e6 Qxe6 30. Qb8+ Kd7 31. Bxb5+ Qc6 32. Bxc6+ Bxc6 33. Qd8+ Ke6 34. Qc8+ 1-0

[Event "Asian Nations Cup w 2014"]
[Site "Tabriz IRI"]
[Date "2014.05.27"]
[Round "5.3"]
[White "Derakhshani, Dorsa"]
[Black "Nguyen, Thi Thanh An"]
[Result "0-1"]
[WhiteTitle "WFM"]
[BlackTitle "WGM"]
[WhiteElo "2169"]
[BlackElo "2275"]
[WhiteTeam "Iran B"]
[BlackTeam "Vietnam"]
[WhiteFideId "12500330"]
[BlackFideId "12400300"]
[EventDate "2014.05.22"]

1. e4 c5 2. Nf3 d6 3. d4 cxd4 4. Nxd4 Nf6 5. Nc3 a6 6. Be3 e5 7. Nb3 Be6 8. f3
Be7 9. Qd2 h5 10. Be2 Nbd7 11. Nd5 Nxd5 12. exd5 Bf5 13. Na5 Qc7 14. c4 Bh4+ 15.
g3 Bd8 16. b4 Nf6 17. c5 Qd7 18. c6 bxc6 19. Nxc6 Qb7 20. Nxd8 Rxd8 21. Bc4 Rb8
22. a3 O-O 23. h3 Rfc8 24. Qe2 Rxc4 25. Qxc4 Rc8 26. Qh4 Rc3 27. Bg5 Rxf3 28.
Bxf6 Qc8 29. Bg5 Qc3+ 30. Ke2 Rxg3 31. Rag1 Qf3+ 32. Kd2 Qf2+ 33. Kd1 Bd3 34.
Qxh5 Rxg1+ 35. Rxg1 Qxg1+ 36. Kd2 Qd4 37. Be3 Qxd5 38. Qh4 Bf5+ 39. Ke1 Qh1+ 40.
Ke2 Qg2+ 41. Bf2 g5 42. Qh6 Bxh3 43. Ke3 d5 44. Kd3 Bf5+ 45. Ke2 Bg6 46. Ke1 d4
47. a4 d3 0-1

[Event "Asian Nations Cup w 2014"]
[Site "Tabriz IRI"]
[Date "2014.05.27"]
[Round "5.3"]
[White "Hoang, Thi Nhu Y"]
[Black "Zahedifar, Anahita"]
[Result "1-0"]
[WhiteTitle "WIM"]
[WhiteElo "2225"]
[BlackElo "1821"]
[WhiteTeam "Vietnam"]
[BlackTeam "Iran B"]
[WhiteFideId "12401455"]
[BlackFideId "12560715"]
[EventDate "2014.05.22"]

1. c4 c6 2. Nf3 d5 3. e3 Nf6 4. b3 Bg4 5. Bb2 e6 6. h3 Bxf3 7. Qxf3 Nbd7 8. Nc3
Be7 9. d4 Qa5 10. a3 Ne4 11. b4 Bxb4 12. axb4 Qxb4 13. Qe2 dxc4 14. Qc2 Nb6 15.
f3 Ng3 16. Rg1 Nxf1 17. Kxf1 Nd5 18. Kf2 Qe7 19. Ba3 Qh4+ 20. g3 Qh6 21. Nxd5
exd5 22. Qf5 Qg6 23. Qe5+ Qe6 24. Qxg7 O-O-O 25. Qg4 Qxg4 26. hxg4 h5 27. Be7
Rde8 28. Bf6 Rh7 29. Rh1 Re6 30. g5 Kb8 31. Rh4 b5 32. Ke2 b4 33. g4 b3 34. Kd2
a5 35. Be5+ Kb7 36. Rxa5 b2 37. Kc2 c3 38. Rc5 Kb6 39. Rxc3 1-0

[Event "Asian Nations Cup w 2014"]
[Site "Tabriz IRI"]
[Date "2014.05.27"]
[Round "5.3"]
[White "Asadi, Motahare"]
[Black "Luong, Phuong Hanh"]
[Result "0-1"]
[WhiteTitle "WFM"]
[WhiteElo "1749"]
[BlackElo "2122"]
[WhiteTeam "Iran B"]
[BlackTeam "Vietnam"]
[WhiteFideId "12561932"]
[BlackFideId "12401013"]
[EventDate "2014.05.22"]

1. d4 Nf6 2. Nf3 g6 3. g3 c5 4. d5 Bg7 5. Bg2 O-O 6. O-O d6 7. Nc3 Nbd7 8. e4 b5
9. Qe2 b4 10. Nb1 a5 11. Nbd2 Nb6 12. Re1 Ba6 13. Qd1 Nfd7 14. Bf1 c4 15. Nb1
Na4 16. a3 Nxb2 17. Bxb2 Bxb2 18. Ra2 Bf6 19. axb4 axb4 20. Nd4 Qb6 21. Nc6 Nc5
22. Nd2 c3 23. Nc4 Bxc4 24. Rxa8 Rxa8 25. Bxc4 b3 26. cxb3 Ra2 27. Re2 Rxe2 28.
Qxe2 Nxb3 29. Qa2 Nd2 30. Bd3 Qb2 31. Qa4 Nf3+ 32. Kg2 Ne1+ 33. Kh3 Nxd3 34.
Qa8+ Kg7 35. g4 Qxf2 36. g5 Qf3+ 37. Kh4 Bxg5+ 38. Kxg5 Qf4# 0-1